000
00408nam a2200133Ia 4500
008
100328s9999 xx 000 0 und d
082
_b
18276
100
_a
देशपांडे पु.य.
245
_a
सप्तोकी भागवत
260
_b
य.गो.जोशी
630
_a
सप्तोकी भागवत
730
_a
सप्तोकी भागवत
942
_c
BOOK
999
_c
512706
_d
512703